000 00249nam a22000857a 4500
999 _c11522
_d11522
008 190531b ||||| |||| 00| 0 eng d
100 _aArora
_97234
245 _aQuestion Bank in Computer Science with C++-XII
260 _aNew Delhi
_bDhanpat Rai & Co
_c2012